| 000 | 01016cam a2200277 i 4500 | ||
|---|---|---|---|
| 001 | 63557 | ||
| 005 | 20180714070039.0 | ||
| 008 | 150923s2013 mx a r 000 0 spa d | ||
| 020 | _a9786074875539 | ||
| 040 |
_aMX-PuUPA _bspa _erda _cMx-PuUPA _dMx-PuUPA |
||
| 041 | 0 | _aspa | |
| 082 | 0 |
_a972.0816 _bREV |
|
| 245 | 0 | 0 |
_aRevolucionarias fueron todas / _cEvelyne Sanchez, Gloria A. Tirado Villegas, Guadalupe Silvia Cano González [y otros diez]. |
| 250 | _aPrimera edición | ||
| 264 | 1 |
_aPuebla, Pue., México : _bBenemérita Universidad Autónoma de Puebla, _c2013 |
|
| 300 |
_a214 páginas : _bilustraciones ; _c23 cm. |
||
| 336 |
_atexto _2rdacontent |
||
| 337 |
_asin mediación _2rdamedia |
||
| 338 |
_avolumen _2rdacarrier |
||
| 650 | 4 | _aRevolución mexicana | |
| 650 | 4 |
_aMujeres _xHisoria |
|
| 700 | 1 |
_aSanchez, Evelyne _eautor |
|
| 700 | 1 |
_aTirado Villegas, Gloria A. _eautor |
|
| 700 | 1 |
_aCano González, Guadalupe Silvia _eautor |
|
| 700 | 1 |
_aHerrera Feria, María de Lourdes, _eautor |
|
| 999 |
_c63557 _d63557 |
||